The Mango : A Handbook (Record no. 6292)
[ view plain ]
| 000 -LEADER | |
|---|---|
| fixed length control field | 00525nam a2200181Ia 4500 |
| 003 - CONTROL NUMBER IDENTIFIER | |
| control field | IN-BaIIA |
| 008 - FIXED-LENGTH DATA ELEMENTS--GENERAL INFORMATION | |
| fixed length control field | 211028s9999 xx 000 0 eng d |
| 040 ## - CATALOGING SOURCE | |
| Transcribing agency | IIA Library |
| 080 ## - UNIVERSAL DECIMAL CLASSIFICATION NUMBER | |
| Universal Decimal Classification number | (035)634.4 |
| Item number | ICAR |
| 245 #4 - TITLE STATEMENT | |
| Title | The Mango : A Handbook |
| Statement of responsibility, etc. | edited by Muhammad Siddiq |
| 260 ## - PUBLICATION, DISTRIBUTION, ETC. | |
| Place of publication, distribution, etc. | New Delhi |
| Name of publisher, distributor, etc. | Indian Council of Agricultural Research |
| Date of publication, distribution, etc. | 1967 |
| 300 ## - PHYSICAL DESCRIPTION | |
| Extent | 210p. |
| 650 ## - SUBJECT ADDED ENTRY--TOPICAL TERM | |
| Topical term or geographic name entry element | Astronomy and Astrophysics Thesaurus |
| 650 ## - SUBJECT ADDED ENTRY--TOPICAL TERM | |
| Topical term or geographic name entry element | Gardening |
| 650 ## - SUBJECT ADDED ENTRY--TOPICAL TERM | |
| Topical term or geographic name entry element | Mangoes |
| 9 (RLIN) | 10803 |
| 700 ## - ADDED ENTRY--PERSONAL NAME | |
| Personal name | Siddiq, Muhammad, ed. |
| 9 (RLIN) | 10804 |
| 942 ## - ADDED ENTRY ELEMENTS (KOHA) | |
| Koha item type | Books |
| Withdrawn status | Lost status | Damaged status | Not for loan | Home library | Current library | Shelving location | Date acquired | Total Checkouts | Full call number | Barcode | Date last seen | Price effective from | Koha item type |
|---|---|---|---|---|---|---|---|---|---|---|---|---|---|
| IIA Library-Bangalore | IIA Library-Bangalore | General Stacks | 02/08/1979 | (035)634.4/ ICAR | 7012 | 05/11/2021 | 02/08/1979 | Books |